
Library Catalogue

| 000 -LEADER | |
|---|---|
| fixed length control field | 01711nam a2200217Ia 4500 |
| 003 - CONTROL NUMBER IDENTIFIER | |
| control field | OSt |
| 005 - DATE AND TIME OF LATEST TRANSACTION | |
| control field | 20210911105604.0 |
| 008 - FIXED-LENGTH DATA ELEMENTS--GENERAL INFORMATION | |
| fixed length control field | 160316s1998 xxu||||| |||| 00| 0 eng d |
| 020 ## - INTERNATIONAL STANDARD BOOK NUMBER | |
| International Standard Book Number | 0761992391 |
| 040 ## - CATALOGING SOURCE | |
| Transcribing agency | . |
| 082 ## - DEWEY DECIMAL CLASSIFICATION NUMBER | |
| Classification number | 338.9 DAL |
| Item number | DAL |
| 100 ## - MAIN ENTRY--PERSONAL NAME | |
| Personal name | Dale Reidar |
| 245 ## - TITLE STATEMENT | |
| Title | Evaluation frameworks for development programmes and projects |
| 260 ## - PUBLICATION, DISTRIBUTION, ETC. | |
| Place of publication, distribution, etc. | New Delhi |
| Name of publisher, distributor, etc. | Sage Publications |
| Date of publication, distribution, etc. | 1998 |
| 300 ## - PHYSICAL DESCRIPTION | |
| Extent | 150p |
| 365 ## - TRADE PRICE | |
| Price amount | Rs.275 |
| 505 ## - FORMATTED CONTENTS NOTE | |
| Formatted contents note | Contents;<br/>List of Figures, Boxes and Tables;<br/>Preface;<br/><br/>Chapter One: Evaluation in Context<br/>The Concept of Evaluation in the Context of Development Work<br/>Planning: The Foundation of Development Work<br/>Programmes and Projects<br/>The Project Matrix<br/>Appraisal, Monitoring and Evaluation<br/>Purposes of Evaluations<br/>Changing Views on Evaluation<br/>Underlying Rationality of Development Work<br/><br/>Chapter Two: Perspectives and Variables of Evaluation<br/>A Basic Evaluation Model<br/>Incorporating Planning and Organisation<br/>Incorporating Institution-building<br/>lnternalising Societal Change<br/>Evaluating the General Fund<br/>Evaluating the Development Institution<br/>Evaluating Community Development Work<br/>Empowerment Evaluation<br/><br/>Chapter Three: Managing Evaluations<br/>Processes of Evaluation<br/>Organisation of Evaluations<br/>The Evaluation Report<br/>Using Evaluations<br/><br/>Chapter Four: Methods of Evaluation<br/>Sources of Information<br/>Quantitative and Qualitative Approaches<br/>Quantitative Enquiry<br/>Qualitative Enquiry<br/>A Concluding Reflection on Methods<br/>A Note on Indicators<br/>A Note on Sampling<br/>Bibliography;<br/>Index;<br/>About the Author<br/> |
| 650 ## - SUBJECT ADDED ENTRY--TOPICAL TERM | |
| Topical term or geographic name entry element | 1. Economic Development Programmes - Evaluation2. Economic Development Projects - Evaluation |
| 700 ## - ADDED ENTRY--PERSONAL NAME | |
| Personal name | |
| -- | |
| 942 ## - ADDED ENTRY ELEMENTS (KOHA) | |
| Source of classification or shelving scheme | Dewey Decimal Classification |
| Koha item type | BOOKs |
| Withdrawn status | Lost status | Damaged status | Not for loan | Home library | Current library | Shelving location | Date acquired | Cost, normal purchase price | Total Checkouts | Full call number | Barcode | Date last seen | Price effective from | Koha item type |
|---|---|---|---|---|---|---|---|---|---|---|---|---|---|---|
| NLS | NLS | NAB Compactor | 30/05/2017 | 275.00 | 338.9 DAL | 15838 | 30/05/2017 | 30/05/2017 | BOOKs |